Mathematics for the biological sciences / (Record no. 97578)
[ view plain ]
| 000 -LEADER | |
|---|---|
| fixed length control field | 00685pam a2200229 i 4500 |
| 008 - FIXED-LENGTH DATA ELEMENTS--GENERAL INFORMATION | |
| fixed length control field | |
| 020 ## - INTERNATIONAL STANDARD BOOK NUMBER | |
| International Standard Book Number | 0135624398 (hbk.) |
| 049 ## - LOCAL HOLDINGS (OCLC) | |
| Holding library | MAIN |
| 090 ## - LOCALLY ASSIGNED LC-TYPE CALL NUMBER (OCLC); LOCAL CALL NUMBER (RLIN) | |
| Classification number (OCLC) (R) ; Classification number, CALL (RLIN) (NR) | QH323.5 |
| Local cutter number (OCLC) ; Book number/undivided call number, CALL (RLIN) | ARY |
| 003 - CONTROL NUMBER IDENTIFIER | |
| control field | |
| 005 - DATE AND TIME OF LATEST TRANSACTION | |
| control field | 20230120144457.0 |
| 040 ## - CATALOGING SOURCE | |
| Transcribing agency | NUST |
| 100 ## - MAIN ENTRY--PERSONAL NAME | |
| Personal name | Arya,Jagdish C. |
| 245 10 - TITLE STATEMENT | |
| Title | Mathematics for the biological sciences / |
| Statement of responsibility, etc. | Jagdish C. Arya [and] Robin W. Lardner. |
| 260 ## - PUBLICATION, DISTRIBUTION, ETC. | |
| Place of publication, distribution, etc. | Englewood Cliffs : |
| Name of publisher, distributor, etc. | Prentice-Hall, |
| Date of publication, distribution, etc. | c1979. |
| 300 ## - PHYSICAL DESCRIPTION | |
| Extent | xviii, 709 p. : |
| Other physical details | ill. ; |
| Dimensions | 24 cm. |
| 500 ## - GENERAL NOTE | |
| General note | Includes index. |
| 650 #0 - SUBJECT ADDED ENTRY--TOPICAL TERM | |
| Topical term or geographic name entry element | Biomathematics. |
| 700 1# - ADDED ENTRY--PERSONAL NAME | |
| Personal name | Lardner, Robin W. |
| 907 ## - LOCAL DATA ELEMENT G, LDG (RLIN) | |
| a | .b10365709 |
| b | 17-11-15 |
| c | 16-11-15 |
| 942 ## - ADDED ENTRY ELEMENTS (KOHA) | |
| Koha item type | Ordinary Loan Books |
| Call number prefix | QH323.5 |
| Call number suffix | ARY |
| Date last seen | Total Checkouts | Full call number | Barcode | Accession number | Cost, replacement price | Price effective from | Koha item type | Public note | Lost status | Source of classification or shelving scheme | Damaged status | Not for loan | Collection | Withdrawn status | Home library | Current library | Shelving location | Date acquired | Source of acquisition | Cost, normal purchase price |
|---|---|---|---|---|---|---|---|---|---|---|---|---|---|---|---|---|---|---|---|---|
| 01/20/2023 | 2 | QH323.5 ARY | 92004037484 | 16170 | 30.00 | 05/16/2023 | BOOKS | Donation | LCC | NFIC | MAIN | MAIN | GEN | 05/16/2023 | Book Aid International | 80.00 |